Máy và thiết bị lạnh

Saved in:
Bibliographic Details
Main Author: Nguyễn Đức Lợi
Format: Book
Language:Undetermined
Published: Hà nội Giáo dục 1997
Subjects:
Tags: Add Tag
No Tags, Be the first to tag this record!
Institutions: Trung tâm Học liệu Trường Đại học Cần Thơ
LEADER 00508nam a2200169Ia 4500
001 CTU_38561
008 210402s9999 xx 000 0 und d
082 |a 621.57 
082 |b L462 
100 |a Nguyễn Đức Lợi 
245 0 |a Máy và thiết bị lạnh 
245 0 |c Nguyễn Đức Lợi, Phạm Văn Tuỳ 
260 |a Hà nội 
260 |b Giáo dục 
260 |c 1997 
650 |a low temperature engineering 
980 |a Trung tâm Học liệu Trường Đại học Cần Thơ